Exercices de grammaire en contexte : niveau intermédiaire.
Wedi'i Gadw mewn:
| Fformat: | Sách giấy |
|---|---|
| Iaith: | Vietnamese |
| Cyhoeddwyd: |
Paris :
Hachette Livre,
2000.
|
| Cyfres: | Mise en pratique.
|
| Pynciau: | |
| Tagiau: |
Ychwanegu Tag
Dim Tagiau, Byddwch y cyntaf i dagio'r cofnod hwn!
|
| Thư viện lưu trữ: | Thư viện Trường Đại học Đà Lạt |
|---|
| LEADER | 00677nam a2200289 4500 | ||
|---|---|---|---|
| 001 | DLU110121077 | ||
| 005 | ##20110511 | ||
| 040 | # | # | |a DLU |b vie |
| 041 | # | # | |a vie |
| 044 | # | # | |a vn |
| 082 | # | # | |a 448.2 |b Exe |
| 245 | # | # | |a Exercices de grammaire en contexte : |b niveau intermédiaire. |
| 260 | # | # | |a Paris : |b Hachette Livre, |c 2000. |
| 300 | # | # | |a 144 p. : |b ill. ; |c 28 cm. |
| 490 | # | # | |a Mise en pratique. |
| 653 | # | # | |a French language |
| 923 | # | # | |a 01/2011NN |
| 991 | # | # | |a GT |
| 992 | # | # | |a 122000 |
| 994 | # | # | |a KNN |
| 900 | # | # | |a True |
| 911 | # | # | |a Nguyễn Thanh Hương |
| 925 | # | # | |a G |
| 926 | # | # | |a A |
| 927 | # | # | |a SH |
| 980 | # | # | |a Thư viện Trường Đại học Đà Lạt |